Santa María del Río : un pueblo de artesanos /

Tallennettuna:
Bibliografiset tiedot
Päätekijä: Quijano Castelló, Paloma (ed.)
Muut tekijät: Cue, Alberto (edición) (edición), Cuéllar, José Tomás de (texto) (texto), Alcalá de León, Ignacio (preliminares) (preliminares), Castelló Yturbide, Teresa (presentación) (presentación)
Aineistotyyppi: Kirja
Kieli:espanja
Julkaistu: México : Bancentro, Fondo Cultural, 1990, c1990
Aiheet:
Tagit: Lisää tagi
Ei tageja, Lisää ensimmäinen tagi!

MARC

LEADER 00000nam^a2200000^a^4500
001 000022604
005 20250521000000.0
009 20260310084501.926
020 |a 968-6060-02-2 
037 |a Acervo ITESO - Biblioteca 
041 |a ESP 
082 |a 745. 50972448  |b QUI 
100 |a Quijano Castelló, Paloma  |e (ed.) 
245 1 0 |a Santa María del Río :  |b un pueblo de artesanos /  |c Ed. de P. Quijano Castelló, A. Cue ; texto J.T. de Cuéllar ; prelim. de I. Alcalá de León ; presen. de T. Castelló Yturbide. 
264 4 |a México :  |b Bancentro, Fondo Cultural,  |c 1990, c1990 
300 |a 117 p. 
336 |a texto  |b txt  |2 rdacontenido 
337 |a sin mediación  |b n  |2 rdamedio 
338 |a volumen  |b nc  |2 rdasoporte 
649 |a XX 
650 |a Rebozos -  |z Santa María del Río, San Luis Potosí 
650 |a Rebozos -  |z México 
650 |a Taracea -  |z Santa María del Río, San Luis Potosí 
650 |a Taracea -  |z México 
650 |a Artesanía -  |z Santa María del Río, San Luis Potosí 
650 |a Artesanía -  |z México 
650 |a Arte Popular -  |z Santa María del Río, San Luis Potosí 
650 |a Arte Popular -  |z México 
650 |a Arte Mexicano 
650 |a Santa María del Río, San Luis Potosí -  |x Historia 
650 |a México -  |x Historia 
700 |a Cue, Alberto  |e (edición) 
700 |a Cuéllar, José Tomás de  |e (texto) 
700 |a Alcalá de León, Ignacio  |e (preliminares) 
700 |a Castelló Yturbide, Teresa  |e (presentación) 
910 |a Fondo General 
920 |a Impresos - Libros 
930 |a Reserva Especial 
905 |a 103 
901 |a 0226040100  |b IT1  |c REE  |i 022604  |u 20250521 
902 |a https://opac.biblio.iteso.mx/vufind/Record/000022604